000 02419nam0a2200445 4500
001 RU\NLR\bibl\69870
005 20260607050517.0
010 _a5-88960-033-8
_96000
020 _aRU
_b98-28124
_9Книжная летопись
021 _aRU
_b98-17546
_9832
035 _a(NLR Aleph) 000068158
090 _a374562
_c374562
100 _a19990528d1998 |||y0rusy50 ca
101 0 _arus
102 _aRU
105 _ay |||||||||
200 1 _aБухгалтерский учет и отчетность предприятий и организаций
_eСправ. пособие
_f[Информ.-изд. и юрид. центр "Экономика и финансы"
_gИсполн. Савичева Е. В. и др.]; Под общ. ред. Карпова В. В.
205 _a2-е изд.
210 _aМ.
_cЭкономика и финансы
_dБ. г.
_h1998
215 _a720 с.
_d29
225 1 _aСерия "Бухгалтерский учет и отчетность"
225 1 _aНастольная книга бухгалтера
461 0 _12001#$aСерия "Бухгалтерский учет и отчетность"
_tСерия "Бухгалтерский учет и отчетность"
461 0 _12001#$aНастольная книга бухгалтера
_tНастольная книга бухгалтера
606 0 _aБухгалтерский учет
_jНормативные и руководящие материалы
_xОтчетность
_92161760
_3RU\NLR\auth\661300937
606 0 _aБухгалтерский учет
_jНормативные документы
_xОтчетность
_92161760
_3RU\NLR\auth\661300937
610 0 _aБухгалтерский учет
675 _a657.22
_v3
_zrus
686 _a06.75
_2rugasnti
686 _a65.052
_2rubbk
686 _aУ052.9(2)2-15я8
701 1 _aСавичева
_bЕ. В.
_4070
702 1 _4340
_7ca
_8rus
_aКарпов
_bВ. В.
_cэкономист
_f1936 - 2003
_gВячеслав Валентинович
_99730
_3RU\NLR\auth\7726691
712 0 2 _4570
_a"Экономика и финансы", информационно-издательский и юридический центр
_cМосква
_9360372
_3RU\NLR\AUTH\889932543
801 0 _aRU
_bRKP
_c19990528
_gPSBO
801 1 _aRU
_bRKP
_c19990528
801 2 _aRU
_bNLR
_c20070402
_grcr
852 _aNLR
_j98-8/667
942 _cBOOK
980 _aNB